Normal view
MARC view
- REAL TIME IMAGING
Entry Topical Term
001 - CONTROL NUMBER
- control field: 57386
003 - CONTROL NUMBER IDENTIFIER
- control field: NUST
005 - DATE AND TIME OF LATEST TRANSACTION
- control field: 20210628201920.0
008 - FIXED-LENGTH DATA ELEMENTS
- fixed length control field: 210628|| aca||aabn | a|a d
040 ## - CATALOGING SOURCE
- Original cataloging agency: NUST
- Transcribing agency: NUST
150 ## - HEADING--TOPICAL TERM
- Topical term or geographic name entry element: REAL TIME IMAGING
670 ## - SOURCE DATA FOUND
- Source citation: Work cat.: (NUST): Dougherty, Edward R ,Laplante, Phillip A 57385, Introduction to real time imaging, 2003
